| 000 | 01037nam a22002777a 4500 | ||
|---|---|---|---|
| 999 |
_c113231 _d113231 |
||
| 003 | dpl | ||
| 005 | 20190115133041.0 | ||
| 008 | 190115b ||||| |||| 00| 0 eng d | ||
| 010 | _aB-236141 | ||
| 020 | _c150.00 | ||
| 035 | _aB-236141, B-236142 | ||
| 037 | _bCen Lib/Ret | ||
| 040 |
_aDPL _bHN _c0 |
||
| 082 |
_a821 _bफाजली |
||
| 100 |
_aफाजली,निदा _92125 |
||
| 245 |
_aतमाशा मेरे आगे / _cनिदा फाजली |
||
| 246 |
_aTamasha mere aage _bby Nida Fazli |
||
| 260 |
_aनई दिल्ली _bवाणी प्रकाशन _c2006 |
||
| 270 |
_a21ए - दरिया गंज _bनई दिल्ली _e110002 |
||
| 300 |
_a144पृष्ठ. _c21सेमी (सजिल्द) |
||
| 650 |
_aहिंदी साहित्य _951231 |
||
| 650 |
_aगध साहित्य _946060 |
||
| 650 |
_aHindi literature _951232 |
||
| 650 |
_aGddhy literature _951233 |
||
| 942 |
_2ddc _cHN _h821 _mफाजली |
||